00606nam a2200181Ia 450000500170000000800410001702000150005808200130007310000290008624500840011526000650019930000170026465000130028165000140029494200060030895200950031499900150040920240403011130.0240331s9999 xx 000 0 und d a9555800537 bDESa330 aDe Silva,D.A.Premakumara 0aGlobalization and the transformation of planetary rituals in southern Sri Lanka aColombo :b International Centre for Ethnic Studies /c2000. axvi, 122 p., aCultural aAstrology cL 001040708LaWERCLbWERCLcSSCd2024-03-31l0o 330 DESp6562r2024-03-31w2024-03-31yL c4959d4959